000
00243nam a22000977a 4500
999
_c
5749
_d
5749
008
170128b xxu||||| |||| 00| 0 eng d
020
_a
9788188553327
100
_9
2612
_a
Chugh.R.K
245
_a
I.T.Genius Computer-6
260
_a
New delhi
_b
GRB
_c
2012